| 000 | 01034nam a22002897a 4500 | ||
|---|---|---|---|
| 005 | 20121206162746.0 | ||
| 008 | 121206t xxu||||| |||| 00| 0 eng d | ||
| 010 | _aENG-106349 | ||
| 020 |
_a9781259028267 _c475.00 |
||
| 020 |
_a1259028267 _c475.00 |
||
| 035 | _aEN-89882 | ||
| 037 | _bDBAD/PUB | ||
| 040 |
_aDPL _bEng |
||
| 082 | _a368 | ||
| 100 | _923873 | ||
| 245 |
_aRisk management and insurance planning : _bmodule II / _cby IMS Proschool |
||
| 260 |
_aNew Delhi _bTata McGraw Hill _c2012 |
||
| 270 |
_a7 West Patel Nagar _bNew Delhi _e110008 |
||
| 300 |
_axvi, 392p. _c24cm(pbk) |
||
| 500 | _aIncludes bibliographical references | ||
| 650 |
_aRisk management _923874 |
||
| 650 |
_aInsurance planning _923875 |
||
| 700 | _923876 | ||
| 942 |
_2ddc _cEN _mRIS _h368 |
||
| 999 |
_c71908 _d71908 |
||